Kvantifikácia externalít environmentálneho charakteru
Náklady a straty súvisiace so znehodnocovaním životného prostredia. Záporné externality a efektívnosť environmentálnych opatrení. Význam kvantifikácie škôd zo znehodnoteného životného prostredia.
Enregistré dans:
| Auteur principal: | |
|---|---|
| Format: | Chapitre de livre |
| Langue: | slovaque |
| Sujets: | |
| Tags: |
Pas de tags, Soyez le premier à ajouter un tag!
|
MARC
| LEADER | 00000naa a2200000 4500 | ||
|---|---|---|---|
| 001 | r044528 | ||
| 005 | 20230928074411.2 | ||
| 041 | 0 | |a slo | |
| 044 | |a SK | ||
| 245 | 1 | 0 | |a Kvantifikácia externalít environmentálneho charakteru |c Mária Hranaiová |
| 520 | |a Náklady a straty súvisiace so znehodnocovaním životného prostredia. Záporné externality a efektívnosť environmentálnych opatrení. Význam kvantifikácie škôd zo znehodnoteného životného prostredia. | ||
| 610 | 2 | 0 | |a prostredie životné |
| 610 | 2 | 0 | |a znečistenie prostredia životného |
| 610 | 2 | 0 | |a kvantifikácia |
| 610 | 2 | 0 | |a škody |
| 610 | 2 | 0 | |a náklady ekologické |
| 100 | 1 | |a Hranaiová, Mária | |